<?xml version="1.0" encoding="UTF-8"?><?xml-stylesheet type="text/xsl" href="static/style.xsl"?><OAI-PMH xmlns="http://www.openarchives.org/OAI/2.0/" xmlns:xsi="http://www.w3.org/2001/XMLSchema-instance" xsi:schemaLocation="http://www.openarchives.org/OAI/2.0/ http://www.openarchives.org/OAI/2.0/OAI-PMH.xsd"><responseDate>2026-04-28T03:03:04Z</responseDate><request verb="GetRecord" identifier="oai:uvadoc.uva.es:10324/48595" metadataPrefix="marc">https://uvadoc.uva.es/oai/request</request><GetRecord><record><header><identifier>oai:uvadoc.uva.es:10324/48595</identifier><datestamp>2025-03-26T19:45:17Z</datestamp><setSpec>com_10324_35623</setSpec><setSpec>com_10324_5186</setSpec><setSpec>com_10324_29291</setSpec><setSpec>col_10324_48590</setSpec></header><metadata><record xmlns="http://www.loc.gov/MARC21/slim" xmlns:doc="http://www.lyncode.com/xoai" xmlns:xsi="http://www.w3.org/2001/XMLSchema-instance" xmlns:dcterms="http://purl.org/dc/terms/" xsi:schemaLocation="http://www.loc.gov/MARC21/slim http://www.loc.gov/standards/marcxml/schema/MARC21slim.xsd">
<leader>00925njm 22002777a 4500</leader>
<datafield tag="042" ind1=" " ind2=" ">
<subfield code="a">dc</subfield>
</datafield>
<datafield tag="720" ind1=" " ind2=" ">
<subfield code="a">Salas Díaz, Miguel</subfield>
<subfield code="e">author</subfield>
</datafield>
<datafield tag="260" ind1=" " ind2=" ">
<subfield code="c">2011</subfield>
</datafield>
<datafield tag="520" ind1=" " ind2=" ">
<subfield code="a">Todos –alumnos y profesores– estamos cansados de repetir una y otra vez las mismas actividades de escritura. Introducir la creatividad en nuestras aulas es más fácil de lo que parece. En este artículo propongo seis actividades de escritura creativa basadas en objetos comunes, de uso diario. Solamente necesitamos mirar alrededor, elegir un objeto y comenzar.</subfield>
</datafield>
<datafield tag="024" ind2=" " ind1="8">
<subfield code="a">Ogigia. Revista Electrónica de Estudios Hispánicos; Núm. 10 (2011): Homenaje al profesor Dr. William Martínez Jr. pags. 57-69</subfield>
</datafield>
<datafield tag="024" ind2=" " ind1="8">
<subfield code="a">1887-3731</subfield>
</datafield>
<datafield tag="024" ind2=" " ind1="8">
<subfield code="a">https://uvadoc.uva.es/handle/10324/48595</subfield>
</datafield>
<datafield tag="024" ind2=" " ind1="8">
<subfield code="a">10.24197/ogigia.10.2011.57-69</subfield>
</datafield>
<datafield tag="024" ind2=" " ind1="8">
<subfield code="a">57</subfield>
</datafield>
<datafield tag="024" ind2=" " ind1="8">
<subfield code="a">10</subfield>
</datafield>
<datafield tag="024" ind2=" " ind1="8">
<subfield code="a">69</subfield>
</datafield>
<datafield tag="245" ind1="0" ind2="0">
<subfield code="a">Seis actividades de escritura creativa basadas en objetos cotidianos</subfield>
</datafield>
</record></metadata></record></GetRecord></OAI-PMH>